Normal view
MARC view
- Kespersaks , Veiko
Entry Personal Name
001 - CONTROL NUMBER
- control field: 111321
003 - CONTROL NUMBER IDENTIFIER
- control field: NUST
005 - DATE AND TIME OF LATEST TRANSACTION
- control field: 20230324095326.0
008 - FIXED-LENGTH DATA ELEMENTS
- fixed length control field: 230324|| aca||aabn | a|a d
040 ## - CATALOGING SOURCE
- Original cataloging agency: NUST
- Transcribing agency: NUST
100 ## - HEADING--PERSONAL NAME
- Personal name: Kespersaks , Veiko
670 ## - SOURCE DATA FOUND
- Source citation: Work cat.: (NUST): Kespersaks , Veiko, Calligraphy In 24 Hrs, 2011.
